• 首页
  • 本馆介绍
  • 公告通知
  • 最新文献
  • 馆藏检索
  • 电子资源
  • 读者导购
  • 参考咨询
  • 我的图书馆
  • 登录
  • 详细信息显示
  • 放入我的书架
  • 预约/预借图书
  • 作者相关作品
  • 分类相关作品
  • 丛书相关作品
  • 出版社相关作品

书目信息

  • 表格格式
  • 工作单格式
  • 卡片格式
题名:
齐民要术
    
 
作者: 贾思勰 著
分册:  
出版信息: 北京   蓝天出版社  1998
页数: 172页
开本: 19cm
丛书名: 传世名著百部
单 册:
中图分类: S-092.39
科图分类:
主题词: 农学--中国--北魏
电子资源:
ISBN: 7-80081-834-9
000 00623oam2 2200229 450
001 1556149536
005 20150126153635.60
010    @a7-80081-834-9@dCNY10.00
100    @a20021005d1998 emky0chiy0110 ea
101 0  @achi
102    @aCN@b110000
105    @ay z 000yy
200 1  @a齐民要术@Aqi min yao shu@f(后魏)贾思勰著
210    @a北京@c蓝天出版社@d1998
215    @a172页@d19cm
225 2  @a传世名著百部@v57@i百科名著
461  0 @12001 @a传世名著百部
606 0  @a农学@y中国@z北魏
690    @aS-092.39@v5
701  0 @a贾思勰@Ajia si xie@4著
801  0 @aCN@bTSSF@c20150126
905    @aZUCC@dS-092.39@eJY1
    
    齐民要术/(后魏)贾思勰著.-北京:蓝天出版社,1998
    172页;19cm.-(传世名著百部;57.百科名著)
    
    
    ISBN 7-80081-834-9:CNY10.00
    
●
相关链接 在E读中查询图书 在五车中查询图书 在当当中查询图书 在豆瓣中查询图书


正题名:齐民要术     索取号:S-092.39/JY1         预约/预借

序号 登录号 条形码 馆藏地/架位号 状态 备注
1 7838094   278380949   学院路分馆/ [索取号:S-092.39/JY1] 在馆    
2 7838095   278380958   学院路分馆/ [索取号:S-092.39/JY1] 在馆    
3 7838096   278380967   学院路分馆/ [索取号:S-092.39/JY1] 在馆    
唐山师范学院图书馆 欢迎您!
大连网信软件有限公司© 版权所有